[Event "Lliga Catalana eq. DH"]
[Site "?"]
[Date "2014.04.05"]
[Round "11.2"]
[White "Lorenzo de la Riva, L."]
[Black "Gomez Jurado, LA."]
[Result "0-1"]
[WhiteElo "2502"]
[BlackElo "2365"]
[PlyCount "114"]
[EventDate "2014.??.??"]
[EventType "team"]
[EventCountry "ESP"]

1. d4 d5 2. c4 c6 3. Nc3 Nf6 4. Nf3 e6 5. Bg5 h6 6. Bxf6 Qxf6 7. e3 g6 8. Rc1
Nd7 9. h3 Bg7 10. Be2 O-O 11. O-O dxc4 12. Bxc4 e5 13. Bb3 exd4 14. exd4 Nb6
15. Re1 Bf5 16. Qe2 Rad8 17. a4 Nd5 18. Nxd5 cxd5 19. a5 Be4 20. Ne5 Qd6 21. f3
Qb4 22. Qe3 Bf5 23. Qc3 Qd6 24. Qc5 Qf6 25. Bxd5 Rc8 26. Qa3 Qh4 27. Qe3 Rcd8
28. Be4 Bxh3 29. Re2 Be6 30. f4 Qe7 31. Bxg6 Bg4 32. Bb1 Bxe5 33. fxe5 Qg5 34.
Qxg5+ hxg5 35. Rd2 Rfe8 36. Rc5 b6 37. axb6 axb6 38. Rb5 Re6 39. Kf2 Rh6 40.
Ke3 f5 41. d5 Rh1 42. Bd3 Re1+ 43. Kd4 f4 44. Rxb6 Bh5 45. Be4 g4 46. e6 f3 47.
gxf3 gxf3 48. e7 Re8 49. d6 Re2 50. Rd3 Rxe4+ 51. Kxe4 f2 52. Rb5 Bg6+ 53. Ke3
f1=Q 54. Rbd5 Bxd3 55. Rxd3 Qf6 56. Rd4 Kf7 57. b4 Ke6 0-1

[Event "Lliga Catalana eq. DH"]
[Site "?"]
[Date "2014.04.05"]
[Round "11.3"]
[White "Asensio Liñan, T."]
[Black "Fluvia Poyatos, Jordi"]
[Result "1/2-1/2"]
[WhiteElo "2278"]
[BlackElo "2480"]
[PlyCount "51"]
[EventDate "2014.??.??"]
[EventType "team"]
[EventCountry "ESP"]

1. d4 d5 2. Nf3 Nf6 3. Bf4 c6 4. c4 dxc4 5. e3 b5 6. a4 e6 7. Qc2 Nd5 8. Bxb8
Rxb8 9. axb5 cxb5 10. Rxa7 Bb4+ 11. Nc3 Ba5 12. Ne5 Bb7 13. Bxc4 Nxc3 14. bxc3
Qb6 15. O-O O-O 16. Rxa5 Qxa5 17. Bd3 g6 18. Nd7 Rbc8 19. Nxf8 Rxc3 20. Qb1
Kxf8 21. Qxb5 Qxb5 22. Bxb5 Rb3 23. Be2 Rb2 24. Re1 Ke7 25. Bf1 Kd6 26. g3
1/2-1/2

[Event "Lliga Catalana eq. DH"]
[Site "?"]
[Date "2014.04.05"]
[Round "11.3"]
[White "Cabrera Pino, A."]
[Black "Pueyo Burrell, D."]
[Result "1-0"]
[WhiteElo "2523"]
[BlackElo "2293"]
[PlyCount "101"]
[EventDate "2014.??.??"]
[EventType "team"]
[EventCountry "ESP"]

1. e4 c5 2. Nf3 Nc6 3. d4 cxd4 4. Nxd4 g6 5. c4 Bg7 6. Nc2 d6 7. Be2 Be6 8. O-O
Rc8 9. Ne3 Nd4 10. Bd3 a5 11. Nc3 Nc6 12. Ned5 Ne5 13. Be3 Bxd5 14. cxd5 Nf6
15. Bb5+ Ned7 16. Na4 O-O 17. f3 Nc5 18. Nxc5 dxc5 19. Rc1 b6 20. Qb3 Qc7 21.
Rfe1 Nh5 22. Bf2 Nf4 23. Bf1 g5 24. Qb5 Be5 25. a3 Qd6 26. g3 Ng6 27. Bh3 Rc7
28. Kg2 Rb8 29. Re2 Kg7 30. Rec2 Bf4 31. Re1 h5 32. Bf5 Be5 33. Rec1 h4 34. b4
axb4 35. axb4 hxg3 36. hxg3 Rh8 37. bxc5 bxc5 38. Bg4 Qf6 39. Rxc5 Rxc5 40.
Qxc5 Nf4+ 41. gxf4 Qxf4 42. Rc2 Rh2+ 43. Kf1 Rh1+ 44. Ke2 Rh2 45. Kd3 Rh1 46.
Be3 Qg3 47. Qxe7 Bf6 48. Qb4 Ra1 49. Bd4 Rd1+ 50. Rd2 Qe1 51. Bxf6+ 1-0

[Event "Lliga Catalana eq. DH"]
[Site "?"]
[Date "2014.04.05"]
[Round "11.3"]
[White "Capellades Subirana, M."]
[Black "Benet Catala, A."]
[Result "1/2-1/2"]
[WhiteElo "2290"]
[BlackElo "2329"]
[PlyCount "52"]
[EventDate "2014.??.??"]
[EventType "team"]
[EventCountry "ESP"]

1. e4 c6 2. d4 g6 3. Bd3 Bg7 4. Ne2 d5 5. e5 c5 6. c3 Nc6 7. O-O Nh6 8. Nd2 O-O
9. h3 cxd4 10. cxd4 f6 11. Nf3 fxe5 12. Nxe5 Nxe5 13. dxe5 Nf5 14. Bf4 e6 15.
Qd2 Qb6 16. Bxf5 Rxf5 17. Nd4 Rf7 18. Rac1 Bd7 19. Rc3 Raf8 20. Bg3 Bh6 21. Qd3
Bf4 22. Rb3 Qc5 23. Rc3 Qb6 24. Rb3 Qc5 25. Rc3 Qb6 26. Rb3 Qc5 1/2-1/2

[Event "Lliga Catalana eq. DH"]
[Site "?"]
[Date "2014.04.05"]
[Round "11.3"]
[White "Garrido Fernandez, D."]
[Black "Escandell Mari, JC."]
[Result "1/2-1/2"]
[WhiteElo "2347"]
[BlackElo "2364"]
[PlyCount "24"]
[EventDate "2014.??.??"]
[EventType "team"]
[EventCountry "ESP"]

1. e4 e5 2. Nc3 Nf6 3. Bc4 Bc5 4. d3 d6 5. Bg5 Be6 6. Bxe6 fxe6 7. Na4 Nbd7 8.
Nxc5 Nxc5 9. b4 Ncd7 10. Ne2 h6 11. Be3 O-O 12. f3 Nh5 1/2-1/2

[Event "Lliga Catalana eq. DH"]
[Site "?"]
[Date "2014.04.05"]
[Round "11.3"]
[White "Moreno Garcia, EP."]
[Black "Vigoa Apecheche, Y."]
[Result "1-0"]
[WhiteElo "2102"]
[BlackElo "2321"]
[PlyCount "103"]
[EventDate "2014.??.??"]
[EventType "team"]
[EventCountry "ESP"]

1. e4 c5 2. c3 Qa5 3. Na3 Nc6 4. Nf3 d6 5. d4 cxd4 6. Nxd4 Nf6 7. Nc4 Qc7 8.
Qd3 Nxd4 9. Qxd4 e5 10. Qd3 Be6 11. Ne3 Qc6 12. f3 Be7 13. Be2 O-O 14. c4 Bd8
15. O-O a6 16. Kh1 b5 17. cxb5 axb5 18. Qxb5 Qxb5 19. Bxb5 Bxa2 20. Bd2 Bb6 21.
Nf5 Be6 22. Ne7+ Kh8 23. Bc3 Rab8 24. Nc6 Rb7 25. Ba4 Bc7 26. Rfd1 d5 27. Nxe5
dxe4 28. Bc6 Rb3 29. Nd7 Bxd7 30. Bxd7 exf3 31. gxf3 Nxd7 32. Rxd7 Bf4 33. Ra4
Bh6 34. Rxf7 Kg8 35. Rxf8+ Kxf8 36. Rb4 Rxb4 37. Bxb4+ Ke8 38. Bc3 Kd7 39. Kg2
g6 40. Kg3 Ke6 41. Kg4 Be3 42. f4 Kd5 43. Be5 Ke6 44. Kg5 Bc1 45. h4 Kf7 46.
Kh6 Kg8 47. b4 Be3 48. Bc7 Bd4 49. b5 Bg7+ 50. Kg5 Kf7 51. b6 h5 52. b7 1-0

[Event "Lliga Catalana eq. DH"]
[Site "?"]
[Date "2014.04.05"]
[Round "11.3"]
[White "Pham Guerrero, S."]
[Black "Gallart Zafra, J."]
[Result "0-1"]
[WhiteElo "2304"]
[BlackElo "2339"]
[PlyCount "70"]
[EventDate "2014.??.??"]
[EventType "team"]
[EventCountry "ESP"]

1. e4 c5 2. Nf3 d6 3. d4 cxd4 4. Nxd4 Nf6 5. Nc3 a6 6. Be3 e6 7. f3 Be7 8. Qd2
O-O 9. O-O-O b5 10. g4 Bb7 11. h4 Nc6 12. Nxc6 Bxc6 13. h5 Nd7 14. Kb1 Ne5 15.
Qf2 b4 16. Ne2 a5 17. Nd4 a4 18. g5 b3 19. cxb3 axb3 20. a3 Bxg5 21. Rg1 Bf6
22. Qg2 Kh8 23. f4 Bb7 24. Nb5 Nc6 25. Nxd6 Nb4 26. Nxf7+ Rxf7 27. Rxd8+ Rxd8
28. Bc4 Nc2 29. Bb6 Ra8 30. Bxb3 Nxa3+ 31. bxa3 Rxa3 32. Bxe6 Re7 33. f5 Ra4
34. Rd1 Rxe6 35. Bd4 Bxe4+ 0-1

[Event "Lliga Catalana eq. DH"]
[Site "?"]
[Date "2014.04.05"]
[Round "11.3"]
[White "Vila Gazquez, X."]
[Black "Lopez Martinez, JM."]
[Result "0-1"]
[WhiteElo "2505"]
[BlackElo "2576"]
[PlyCount "110"]
[EventDate "2014.??.??"]
[EventType "team"]
[EventCountry "ESP"]

1. Nf3 d5 2. g3 Bg4 3. Bg2 Nd7 4. c4 e6 5. b3 Ngf6 6. O-O c6 7. Bb2 Bd6 8. d3
O-O 9. h3 Bh5 10. Nbd2 Re8 11. Re1 a5 12. Qc2 a4 13. Rad1 e5 14. Nh4 a3 15. Bc1
Bb4 16. g4 Bg6 17. Nxg6 hxg6 18. Rf1 Qe7 19. Nb1 Rac8 20. Bg5 Qe6 21. Qc1 Ra8
22. Bd2 Bd6 23. Nc3 d4 24. Nb1 e4 25. dxe4 Nxe4 26. Bf4 Bc5 27. e3 dxe3 28.
Bxe3 f5 29. Rfe1 Bxe3 30. Rxe3 Qf7 31. Qc2 Ndf6 32. Rde1 Qf8 33. gxf5 gxf5 34.
Nd2 Nxd2 35. Qxd2 Rxe3 36. fxe3 Qe7 37. Qf2 Qe5 38. Rf1 Rd8 39. Qxf5 Qxe3+ 40.
Qf2 Qc3 41. Qb6 Rd7 42. Kh2 Qb2 43. Qe3 Rd2 44. Qe6+ Kh8 45. Qc8+ Ng8 46. Qg4
Qe5+ 47. Kh1 Nf6 48. Qh4+ Kg8 49. Re1 Qc5 50. Ra1 Qd6 51. Qg5 Ne4 52. Qe3 Ng3+
53. Kg1 Re2 54. Qc3 Qf4 55. Bf3 Re3 0-1

[Event "Lliga Catalana eq. DH"]
[Site "?"]
[Date "2014.04.05"]
[Round "11.4"]
[White "Fernandez Cazorla, A."]
[Black "Llaneza Vega, P."]
[Result "0-1"]
[WhiteElo "2305"]
[BlackElo "2306"]
[PlyCount "92"]
[EventDate "2014.??.??"]
[EventType "team"]
[EventCountry "ESP"]

1. Nf3 c5 2. c4 Nc6 3. d4 cxd4 4. Nxd4 e6 5. g3 Nf6 6. Bg2 Qb6 7. Nf3 d5 8. O-O
Be7 9. cxd5 Nxd5 10. e4 Nf6 11. Nc3 O-O 12. Qe2 h6 13. Rd1 Rd8 14. Be3 Qa5 15.
a3 Ng4 16. Bd2 Qh5 17. h3 Nge5 18. g4 Nxf3+ 19. Qxf3 Qh4 20. Be3 e5 21. Nd5 Bg5
22. b4 b6 23. b5 Na5 24. Bxg5 Qxg5 25. Qg3 Nb7 26. Bf3 Kh8 27. h4 Qg6 28. Ne7
Qf6 29. Nc6 Re8 30. Rd5 Qf4 31. Nxe5 Qxg3+ 32. fxg3 Be6 33. Rd4 Na5 34. Re1
Rac8 35. Kf2 Rc5 36. Nc6 Nxc6 37. bxc6 Rxc6 38. Red1 Rc2+ 39. Ke3 Kg8 40. R1d3
Kf8 41. Kf4 Rc5 42. e5 Bc4 43. Re3 f6 44. Rde4 Bd5 45. Ra4 fxe5+ 46. Kf5 Bxf3
0-1

[Event "Lliga Catalana eq. DH"]
[Site "?"]
[Date "2014.04.05"]
[Round "11.4"]
[White "Gonzalez Garcia, M."]
[Black "Gallego Martinez, R."]
[Result "0-1"]
[WhiteElo "2328"]
[BlackElo "2296"]
[PlyCount "76"]
[EventDate "2014.??.??"]
[EventType "team"]
[EventCountry "ESP"]

1. d4 g6 2. e4 Bg7 3. Nf3 c6 4. c4 d6 5. Nc3 e5 6. Be3 Nd7 7. g3 Nh6 8. h3 f6
9. Bg2 O-O 10. O-O Qe7 11. Qd2 Nf7 12. Rfe1 f5 13. exf5 gxf5 14. dxe5 dxe5 15.
Nh2 Nc5 16. f4 Rd8 17. Qc2 Nd3 18. Re2 e4 19. a3 Be6 20. Nd1 Nd6 21. g4 Bxc4
22. gxf5 Bd5 23. Nf2 Nxf5 24. Nxd3 exd3 25. Qxd3 Ng3 26. Bxd5+ Rxd5 27. Qc2
Nxe2+ 28. Qxe2 Re8 29. Nf1 Qe4 30. Qf2 b6 31. Re1 Re6 32. Kh2 Bd4 33. f5 Rxf5
34. Qg3+ Rg6 35. Bxd4 Qxd4 36. Re8+ Kf7 37. Qc7+ Kxe8 38. Qc8+ Ke7 0-1

[Event "Lliga Catalana eq. DH"]
[Site "?"]
[Date "2014.04.05"]
[Round "11.4"]
[White "Gonzalez Hernandez, F."]
[Black "Alonso Moyano, J."]
[Result "0-1"]
[WhiteElo "2267"]
[BlackElo "2454"]
[PlyCount "82"]
[EventDate "2014.??.??"]
[EventType "team"]
[EventCountry "ESP"]

1. e4 c5 2. Nf3 d6 3. d4 Nf6 4. Nc3 cxd4 5. Qxd4 a6 6. Bc4 Nc6 7. Qd3 b5 8. Bb3
e6 9. Bf4 Bb7 10. O-O Qc7 11. Rfe1 Ne5 12. Nxe5 dxe5 13. Bg5 Be7 14. Bxf6 Bxf6
15. Ne2 O-O 16. Ng3 Be7 17. Qe2 g6 18. Qg4 Kh8 19. f3 a5 20. c3 a4 21. Bd1 a3
22. bxa3 Qxc3 23. Bb3 Rxa3 24. Rac1 Qa5 25. Kh1 Qb6 26. Red1 Ra7 27. Rd3 b4 28.
Rcd1 Ba6 29. R3d2 Rc7 30. h4 Bc4 31. h5 Bxb3 32. axb3 Qe3 33. Rd7 Rxd7 34. Rxd7
Bc5 35. Kh2 Qh6 36. Qh3 g5 37. Nf1 f5 38. Nd2 Bd4 39. Rb7 g4 40. Qh4 Qxd2 41.
h6 Qf4+ 0-1

[Event "Lliga Catalana eq. DH"]
[Site "?"]
[Date "2014.04.05"]
[Round "11.4"]
[White "Herrero Sabartes, J."]
[Black "Cervello Tost, F."]
[Result "0-1"]
[WhiteElo "2329"]
[BlackElo "2232"]
[PlyCount "66"]
[EventDate "2014.??.??"]
[EventType "team"]
[EventCountry "ESP"]

1. e4 c6 2. d3 d5 3. Nd2 e5 4. Ngf3 Bd6 5. g3 Nf6 6. Bg2 O-O 7. O-O Nbd7 8. Re1
Qc7 9. c3 Nc5 10. Qc2 dxe4 11. dxe4 b6 12. b4 Ne6 13. Nc4 Ba6 14. Nxd6 Qxd6 15.
Rd1 Qc7 16. Bb2 c5 17. Qa4 Bb7 18. c4 Nd4 19. Nxd4 exd4 20. bxc5 bxc5 21. f3
Nd7 22. Ba3 Bc6 23. Qc2 Qa5 24. Bb2 Ba4 25. Qd2 Qa6 26. Rdc1 Ne5 27. Qe2 Rfd8
28. f4 d3 29. Qh5 Nxc4 30. Bxg7 Kxg7 31. Rxc4 Qxc4 32. Qg5+ Kf8 33. Qh6+ Ke8
0-1

[Event "Lliga Catalana eq. DH"]
[Site "?"]
[Date "2014.04.05"]
[Round "11.4"]
[White "Lopez Agustench, E."]
[Black "Cuadras Avellana, J."]
[Result "1/2-1/2"]
[WhiteElo "2317"]
[BlackElo "2374"]
[PlyCount "59"]
[EventDate "2014.??.??"]
[EventType "team"]
[EventCountry "ESP"]

1. d4 Nf6 2. Nf3 e6 3. c4 b6 4. Bf4 Bb4+ 5. Nbd2 Bb7 6. a3 Bxd2+ 7. Qxd2 O-O 8.
e3 Ne4 9. Qc2 d6 10. Bd3 f5 11. h3 Nd7 12. O-O-O Qe7 13. Bh2 c5 14. Kb1 Rac8
15. Qe2 b5 16. cxb5 c4 17. Bxc4 Nxf2 18. Qxf2 Rxc4 19. Nd2 Rcc8 20. Rc1 Nf6 21.
Qg3 Ne4 22. Nxe4 Bxe4+ 23. Ka1 Rfe8 24. Qe1 Rb8 25. Qa5 Rb6 26. Rc3 Qb7 27.
Rhc1 Rxb5 28. Qc7 Rxb2 29. Qxb7 Rxb7 30. Bxd6 1/2-1/2

[Event "Lliga Catalana eq. DH"]
[Site "?"]
[Date "2014.04.05"]
[Round "11.4"]
[White "Magem Badals, J."]
[Black "Asis Gargatagli, H."]
[Result "1/2-1/2"]
[WhiteElo "2514"]
[BlackElo "2576"]
[PlyCount "78"]
[EventDate "2014.??.??"]
[EventType "team"]
[EventCountry "ESP"]

1. e4 c5 2. Nf3 d6 3. Bb5+ Bd7 4. c4 Nf6 5. Nc3 g6 6. d4 cxd4 7. Nxd4 Bg7 8.
O-O O-O 9. Bxd7 Qxd7 10. b3 a6 11. Bb2 Nc6 12. Nxc6 Qxc6 13. Nd5 Nxd5 14. exd5
Qc5 15. Bxg7 Kxg7 16. Qd2 Rae8 17. Rae1 e6 18. dxe6 Rxe6 19. Rxe6 fxe6 20. g3
Rf6 21. Re1 h5 22. Re4 e5 23. Re3 h4 24. gxh4 Rf4 25. Rd3 Rxh4 26. Rxd6 Rd4 27.
Rd7+ Kf6 28. Rxd4 exd4 29. h4 Kg7 30. Qe2 b5 31. cxb5 axb5 32. a4 bxa4 33. bxa4
Qc1+ 34. Kh2 Qc7+ 35. Kg1 Qc1+ 36. Qf1 Qc3 37. Qe2 Qc1+ 38. Kh2 Qc7+ 39. Kg1
Qc1+ 1/2-1/2

[Event "Lliga Catalana eq. DH"]
[Site "?"]
[Date "2014.04.05"]
[Round "11.4"]
[White "Rodriguez Cespedes, A."]
[Black "Garcia Pichon, E."]
[Result "0-1"]
[WhiteElo "2476"]
[BlackElo "2260"]
[PlyCount "98"]
[EventDate "2014.??.??"]
[EventType "team"]
[EventCountry "ESP"]

1. e4 c5 2. Nf3 d6 3. Bc4 Nf6 4. d3 e6 5. Bb3 Be7 6. c3 O-O 7. O-O b5 8. Re1
Bb7 9. Nbd2 Nc6 10. Bc2 Rc8 11. Nf1 Qc7 12. Bd2 a5 13. Rc1 b4 14. d4 bxc3 15.
Bxc3 e5 16. dxe5 dxe5 17. Ng3 g6 18. Qd2 Rcd8 19. Qe2 Nd4 20. Bxd4 cxd4 21. Bb3
Qb8 22. Qb5 Bb4 23. Red1 Rde8 24. a3 Bd6 25. Nd2 Qa7 26. Ba2 Rb8 27. Qa4 Ba6
28. Nb3 Bc7 29. Qc6 Ne8 30. Qc5 Qa8 31. Nxa5 Rb5 32. Qc6 Qxc6 33. Nxc6 Rxb2 34.
Bd5 Bd6 35. Rb1 Rxb1 36. Rxb1 Nc7 37. Rb6 d3 38. Nf1 Nxd5 39. Rxa6 Nc3 40. Nd2
f5 41. exf5 gxf5 42. Kf1 Rc8 43. Ke1 e4 44. Nc4 Bc5 45. a4 Nxa4 46. Ne3 f4 47.
Nd5 e3 48. Rxa4 Rxc6 49. Rxf4 Bb4+ 0-1

[Event "Lliga Catalana eq. DH"]
[Site "?"]
[Date "2014.04.05"]
[Round "11.5"]
[White "Garcia Paolicchi, R."]
[Black "Leiro Giralt, D."]
[Result "1/2-1/2"]
[WhiteElo "2280"]
[BlackElo "2317"]
[PlyCount "56"]
[EventDate "2014.??.??"]
[EventType "team"]
[EventCountry "ESP"]

1. d4 d5 2. c4 e6 3. Nc3 Be7 4. cxd5 exd5 5. Bf4 c6 6. Qc2 g6 7. e3 Bf5 8. Bd3
Bxd3 9. Qxd3 Nf6 10. Nf3 O-O 11. O-O Re8 12. Rab1 a5 13. Qc2 Bd6 14. Bxd6 Qxd6
15. a3 Na6 16. h3 Qe7 17. b4 axb4 18. axb4 b5 19. Ne5 Rec8 20. Qb3 Nd7 21. Nxd7
Qxd7 22. Rfd1 Qe7 23. e4 dxe4 24. Re1 Qd6 25. Rxe4 Re8 26. Rxe8+ Rxe8 27. d5
Nxb4 28. dxc6 Nxc6 1/2-1/2

[Event "Lliga Catalana eq. DH"]
[Site "?"]
[Date "2014.04.05"]
[Round "11.5"]
[White "Grafl, F."]
[Black "Anguera Maestro, J."]
[Result "1-0"]
[WhiteElo "2425"]
[BlackElo "2263"]
[PlyCount "81"]
[EventDate "2014.??.??"]
[EventType "team"]
[EventCountry "ESP"]

1. Nc3 d5 2. d4 Nf6 3. e4 Nxe4 4. Nxe4 dxe4 5. Be3 Nd7 6. f3 exf3 7. Nxf3 Nf6
8. Ne5 e6 9. Qf3 c6 10. Bd3 Be7 11. O-O O-O 12. Qh3 g6 13. Qh6 Nd5 14. Rf3 f5
15. Rh3 Nf6 16. Nxg6 Rf7 17. Nxe7+ Qxe7 18. Rg3+ Kh8 19. Bf4 Bd7 20. Be5 Rg8
21. Rg5 Qf8 22. Rxg8+ Kxg8 23. Qg5+ Qg7 24. Qxg7+ Kxg7 25. g4 Kg6 26. h3 h5 27.
gxf5+ exf5 28. Kh2 Be6 29. Rg1+ Kh6 30. Bf4+ Kh7 31. Rg5 Nd5 32. Rxh5+ Kg7 33.
Bd2 Kf8 34. c4 Nb6 35. b3 Ke8 36. Rh8+ Rf8 37. Rh6 Kd7 38. Rh7+ Kc8 39. Bf4 Nd7
40. h4 Rf7 41. Rxf7 1-0

[Event "Lliga Catalana eq. DH"]
[Site "?"]
[Date "2014.04.05"]
[Round "11.5"]
[White "Lillo Castany, V."]
[Black "Moravich Casals, JS."]
[Result "1-0"]
[WhiteElo "2359"]
[BlackElo "2116"]
[PlyCount "65"]
[EventDate "2014.??.??"]
[EventType "team"]
[EventCountry "ESP"]

1. e4 e6 2. d4 d5 3. Nd2 Nf6 4. e5 Nfd7 5. Bd3 c5 6. c3 Nc6 7. Ngf3 cxd4 8.
cxd4 f6 9. exf6 Nxf6 10. O-O Bd6 11. b3 O-O 12. Bb2 Qb6 13. Ne5 Nxd4 14. Ndc4
dxc4 15. Nxc4 Bxh2+ 16. Kxh2 Qc7+ 17. Kg1 Nc6 18. Rc1 Qf4 19. Ne3 e5 20. Rc4
Qg5 21. Bc1 Qh5 22. Ba3 Qxd1 23. Rxd1 Re8 24. Rcc1 Be6 25. Bb5 Nd4 26. Bxe8
Ne2+ 27. Kf1 Nxc1 28. Rxc1 Rxe8 29. Rc7 Rd8 30. Rxb7 Rd2 31. Nc4 Rxa2 32. Rb8+
Kf7 33. Nxe5# 1-0

[Event "Lliga Catalana eq. DH"]
[Site "?"]
[Date "2014.04.05"]
[Round "11.5"]
[White "Martinez Lopez, I."]
[Black "Escobar Torres, A."]
[Result "1/2-1/2"]
[WhiteElo "2327"]
[BlackElo "2232"]
[PlyCount "111"]
[EventDate "2014.??.??"]
[EventType "team"]
[EventCountry "ESP"]

1. c4 f5 2. g3 Nf6 3. Bg2 g6 4. Nc3 Bg7 5. d3 O-O 6. e4 e6 7. Nge2 Nc6 8. O-O
Ne7 9. e5 Ne8 10. f4 d6 11. d4 c6 12. Be3 d5 13. c5 b6 14. b4 Nc7 15. Qd2 Ba6
16. Rfb1 Bc4 17. a4 Qd7 18. cxb6 axb6 19. Nc1 Rfb8 20. Bf1 Bf8 21. Nd3 Nc8 22.
Be2 Na7 23. Nd1 Na6 24. N1f2 Be7 25. Rb2 Qe8 26. Kh1 Qf8 27. Rab1 Kh8 28. Qe1
h6 29. Bd2 b5 30. a5 Qf7 31. Nc5 Nxc5 32. dxc5 Rg8 33. Be3 Rad8 34. Rd1 g5 35.
Rd4 Rg7 36. Qd2 Rdg8 37. Rb1 g4 38. Kg2 h5 39. Rh1 h4 40. Kf1 Rh7 41. Rg1 hxg3
42. hxg3 Rh2 43. Qb2 Kg7 44. Rd1 Rgh8 45. Qd4 Kf8 46. Ke1 Bxe2 47. Kxe2 Bd8 48.
Rdf1 Qg6 49. Kd3 R8h5 50. Kc3 Qh7 51. Qd1 Ke8 52. Kb2 Kd7 53. Ka1 Bc7 54. Rh1
Rxh1 55. Rxh1 Rxh1 56. Qxh1 1/2-1/2

[Event "Lliga Catalana eq. DH"]
[Site "?"]
[Date "2014.04.05"]
[Round "11.5"]
[White "Oset Teixidor, G."]
[Black "Panelo Muñoz, MA."]
[Result "1/2-1/2"]
[WhiteElo "2096"]
[BlackElo "2472"]
[PlyCount "146"]
[EventDate "2014.??.??"]
[EventType "team"]
[EventCountry "ESP"]

1. b3 d5 2. e3 Nc6 3. Bb2 e5 4. Bb5 Bd6 5. f4 Qh4+ 6. g3 Qe7 7. Nf3 Bg4 8. fxe5
Bxe5 9. Bxe5 Bxf3 10. Qxf3 Qxe5 11. Bxc6+ bxc6 12. O-O Nf6 13. Nc3 O-O 14. Qf4
Qd6 15. Qxd6 cxd6 16. Rf4 Nd7 17. Raf1 f6 18. Ra4 a5 19. Rff4 Rfb8 20. Ra3 Nc5
21. Ne2 Ra6 22. Nd4 a4 23. bxa4 Rb1+ 24. Rf1 Rb2 25. d3 Kf7 26. a5 g6 27. Rf2
Ke7 28. Kf1 f5 29. Ke1 Rb1+ 30. Kd2 h5 31. Ne2 Rb4 32. Rf4 Rb8 33. Nd4 Rb1 34.
Rf2 Kd7 35. Ne2 Ke7 36. Nd4 Rb8 37. Rf4 Nd7 38. Rb3 c5 39. Rxb8 Nxb8 40. Nb3
Nc6 41. Ra4 Kd7 42. h3 Ne5 43. Ke2 Kc6 44. c4 dxc4 45. dxc4 g5 46. Nd2 Kb7 47.
Nb1 Rc6 48. Nc3 Ka6 49. Nd5 Rc8 50. h4 gxh4 51. gxh4 Ka7 52. Kf2 Nd3+ 53. Kf3
Nb2 54. Nb6 Rg8 55. Ra3 Rg4 56. Nc8+ Ka6 57. Nxd6 Nxc4 58. Nxc4 Rxc4 59. Rd3
Kxa5 60. Rd5 Kb4 61. Rxf5 Rxh4 62. Rf4+ Rxf4+ 63. exf4 c4 64. f5 c3 65. Ke3 Ka3
66. Kd3 Kb2 67. f6 c2 68. f7 c1=Q 69. f8=Q Qd1+ 70. Ke3 Qe1+ 71. Kd3 Qg3+ 72.
Kd2 h4 73. Qb4+ Ka1 1/2-1/2

[Event "Lliga Catalana eq. DH"]
[Site "?"]
[Date "2014.04.05"]
[Round "11.5"]
[White "Pardo Simon, D."]
[Black "Alonso Rosell, A."]
[Result "0-1"]
[WhiteElo "2468"]
[BlackElo "2579"]
[PlyCount "56"]
[EventDate "2014.??.??"]
[EventType "team"]
[EventCountry "ESP"]

1. d4 Nf6 2. c4 g6 3. Nc3 Bg7 4. e4 d6 5. Nf3 O-O 6. Be2 e5 7. Be3 exd4 8. Nxd4
Re8 9. f3 c6 10. Bf2 d5 11. exd5 cxd5 12. O-O Nc6 13. c5 Re5 14. Qd2 Qf8 15.
Ndb5 Bh6 16. Qd1 Bf5 17. Nd6 d4 18. Ncb5 Rxc5 19. Nxf5 Rxf5 20. Nxd4 Rd5 21.
Qa4 Re8 22. Kh1 Nxd4 23. Bxd4 Rxe2 24. Bxf6 Qd6 25. Bc3 Rh5 26. f4 Qd5 27. Rf3
Rxh2+ 28. Kxh2 Qxf3 0-1

[Event "Lliga Catalana eq. DH"]
[Site "?"]
[Date "2014.04.05"]
[Round "11.5"]
[White "Serra Fontova, F."]
[Black "Fernandez Muixi, F."]
[Result "1/2-1/2"]
[WhiteElo "2276"]
[BlackElo "2252"]
[PlyCount "48"]
[EventDate "2014.??.??"]
[EventType "team"]
[EventCountry "ESP"]

1. Nf3 g6 2. e4 Bg7 3. d4 c5 4. c3 cxd4 5. cxd4 Nf6 6. e5 Ne4 7. Nc3 Nxc3 8.
bxc3 d5 9. exd6 Qxd6 10. Be2 O-O 11. O-O Nc6 12. a4 Re8 13. Ba3 Qf4 14. Rb1 Rb8
15. d5 Ne5 16. Rb4 Nxf3+ 17. Bxf3 Qf6 18. Rc4 Bf8 19. Re1 Rd8 20. Bc5 b5 21.
axb5 Rxb5 22. Bxa7 Bb7 23. Bd4 Qf5 24. Be4 Qd7 1/2-1/2

[Event "Lliga Catalana eq. DH"]
[Site "?"]
[Date "2014.04.05"]
[Round "11.6"]
[White "Comas Fabrego, L."]
[Black "Aloma Vidal, R."]
[Result "1-0"]
[WhiteElo "2588"]
[BlackElo "2471"]
[PlyCount "61"]
[EventDate "2014.??.??"]
[EventType "team"]
[EventCountry "ESP"]

1. e4 c5 2. Nf3 d6 3. d4 cxd4 4. Nxd4 Nf6 5. Nc3 a6 6. Bc4 e6 7. O-O b5 8. Bb3
Qb6 9. Re1 Nbd7 10. a4 b4 11. a5 Qb7 12. Nd5 exd5 13. exd5+ Ne5 14. f4 Bg4 15.
fxe5 Bxd1 16. exf6+ Kd7 17. Rxd1 Kc7 18. Ra4 Re8 19. c3 bxc3 20. Rc4+ Kb8 21.
bxc3 gxf6 22. Rb4 Qxb4 23. cxb4 Rg8 24. Bc4 Kb7 25. b5 axb5 26. Bxb5 Re4 27.
a6+ Kb6 28. Bd3 Re8 29. Nf5 Rg4 30. Be3+ Ka5 31. Rb1 1-0

[Event "Lliga Catalana eq. DH"]
[Site "?"]
[Date "2014.04.05"]
[Round "11.6"]
[White "Draghici Flutor, G."]
[Black "Bruned Segura, M."]
[Result "0-1"]
[WhiteElo "2206"]
[BlackElo "2241"]
[PlyCount "102"]
[EventDate "2014.??.??"]
[EventType "team"]
[EventCountry "ESP"]

1. e4 e5 2. Bc4 Nf6 3. d3 Nc6 4. Nc3 d6 5. f4 exf4 6. Bxf4 Ne5 7. Bb3 Ng6 8.
Bg3 Be6 9. Nf3 Be7 10. O-O O-O 11. Nd4 Bxb3 12. axb3 d5 13. Nf5 dxe4 14. dxe4
Bc5+ 15. Kh1 Qxd1 16. Raxd1 Bb6 17. h3 Rfe8 18. Nh6+ Kf8 19. Nd5 Rxe4 20. Nxf6
gxf6 21. Ng4 Bd4 22. Nxf6 Bxf6 23. Rxf6 Re7 24. Be1 Kg7 25. Bc3 Kg8 26. Rdf1
Rae8 27. Kh2 Rd7 28. R1f2 Re4 29. R6f5 Re6 30. Bf6 Re4 31. g3 Ne7 32. Rg5+ Kf8
33. Bg7+ Ke8 34. Rh5 Ng8 35. Bc3 h6 36. Kg2 Re6 37. Rh4 Ne7 38. Bg7 Ng8 39. Ra4
f6 40. Bh8 Rh7 41. Rxa7 Rxh8 42. Rxb7 Rh7 43. Rd2 Rhe7 44. Rb8+ Kf7 45. Rdd8
Re8 46. Rd7+ R6e7 47. Rdd8 Re2+ 48. Kf3 R8e3+ 49. Kf4 Ne7 50. h4 h5 51. Rf8+
Kg7 0-1

[Event "Lliga Catalana eq. DH"]
[Site "?"]
[Date "2014.04.05"]
[Round "11.6"]
[White "Perez Mitjans, O."]
[Black "Soler Rionegro, A."]
[Result "1-0"]
[WhiteElo "2471"]
[BlackElo "2079"]
[PlyCount "49"]
[EventDate "2014.??.??"]
[EventType "team"]
[EventCountry "ESP"]

1. e4 c5 2. Nf3 Nc6 3. d4 cxd4 4. Nxd4 g6 5. Nc3 Bg7 6. Be3 Nf6 7. Bc4 O-O 8.
Bb3 a5 9. f3 d6 10. Qd2 Nxd4 11. Bxd4 Bd7 12. a4 Bc6 13. O-O-O Qd7 14. h4 b5
15. h5 bxa4 16. Ba2 a3 17. hxg6 axb2+ 18. Kb1 hxg6 19. Qg5 Rfc8 20. Qxg6 Bd5
21. Bxd5 e5 22. Bxe5 dxe5 23. Bxf7+ Qxf7 24. Rh8+ Kxh8 25. Qxf7 1-0

[Event "Lliga Catalana eq. DH"]
[Site "?"]
[Date "2014.04.05"]
[Round "11.6"]
[White "Prat Llables, J."]
[Black "Jose Queralto, D."]
[Result "0-1"]
[WhiteElo "2284"]
[BlackElo "2218"]
[PlyCount "62"]
[EventDate "2014.??.??"]
[EventType "team"]
[EventCountry "ESP"]

1. e4 e5 2. Nf3 Nf6 3. Nxe5 d6 4. Nf3 Nxe4 5. Bd3 d5 6. Qe2 Qe7 7. O-O Nc5 8.
Re1 Qxe2 9. Bxe2 Be7 10. d4 Ne4 11. c4 c6 12. Bd3 f5 13. Nc3 Be6 14. cxd5 cxd5
15. Bb5+ Kf7 16. Ne5+ Kf6 17. Nxe4+ dxe4 18. f3 a6 19. Ba4 Rd8 20. fxe4 Rxd4
21. Bc2 Bb4 22. Re2 fxe4 23. Be3 Bc5 24. b4 Ba7 25. Rf2+ Kxe5 26. Bf4+ Kd5 27.
Bb3+ Kc6 28. Rc1+ Kb5 29. a4+ Kxb4 30. Bxe6 Kxa4 31. Rb1 Rd3 0-1